Baumeln oder Story?
Dass ein zum Tode Verurteilter durch die Erzählung einer Geschichte die Vollstreckung des Urteils hinauszögern oder sogar den Kopf aus der Schlinge ziehen kann, ist ein uraltes, in den Mythen vieler Völker verbreitetes Motiv. Vielleicht verweisen solche "Halslösegeschichten" auf ein wesent...
| Authors: | ; |
|---|---|
| Format: | Print Review |
| Language: | German |
| Check availability: | HBZ Gateway |
| Interlibrary Loan: | Interlibrary Loan for the Fachinformationsdienste (Specialized Information Services in Germany) |
| Published: |
2004
|
| In: |
RL
Year: 2004, Volume: 33, Issue: 4, Pages: 23-26 |
| Review of: | Philip Ridleys Sparkleshark / Claudia Tatsch (Hügli, Christoph) |
| IxTheo Classification: | CD Christianity and Culture NCC Social ethics RF Christian education; catechetics |
| Further subjects: | B
Book review
B Violence Motif B Religious instruction B Youth theater |
MARC
| LEADER | 00000caa a2200000 c 4500 | ||
|---|---|---|---|
| 001 | 1637692331 | ||
| 003 | DE-627 | ||
| 005 | 20220616110010.0 | ||
| 007 | tu | ||
| 008 | 140416s2004 xx ||||| o 00| ||ger c | ||
| 035 | |a (DE-627)1637692331 | ||
| 035 | |a (DE-576)404138926 | ||
| 035 | |a (DE-599)BSZ404138926 | ||
| 040 | |a DE-627 |b ger |c DE-627 |e rakwb | ||
| 041 | |a ger | ||
| 084 | |a 1 |2 ssgn | ||
| 100 | 1 | |a Hügli, Christoph |4 aut | |
| 245 | 1 | 0 | |a Baumeln oder Story? |c Christoph Hügli ; Michael Zangger |
| 264 | 1 | |c 2004 | |
| 336 | |a Text |b txt |2 rdacontent | ||
| 337 | |a ohne Hilfsmittel zu benutzen |b n |2 rdamedia | ||
| 338 | |a Band |b nc |2 rdacarrier | ||
| 520 | |a Dass ein zum Tode Verurteilter durch die Erzählung einer Geschichte die Vollstreckung des Urteils hinauszögern oder sogar den Kopf aus der Schlinge ziehen kann, ist ein uraltes, in den Mythen vieler Völker verbreitetes Motiv. Vielleicht verweisen solche "Halslösegeschichten" auf ein wesentlichens Geheimnis von Literatur überhaupt: Während Gewalt und Verurteilung und somit auf schnelle Lösungen drängt, lebt das Erzählen von Geschichten von der Lust und Fähigkeit, Spannungen auszuhalten im Wissen darum, dass es vielleicht noch ganz anders ausgehen könnte. Auch Philipp Ridleys Theaterstück "Sparkleshark" zeigt etwas von der verwandelnden Kraft des Erzählens von Geschichten: In einer Situation, in der die Gewalt zu eskalieren droht, finden Jugendliche in der fiktiven Welt des Märchens und seiner ihm eigenen Logik einen Weg, aus sterotypen und verhärteten Beziehungsmustern auszubrechen. | ||
| 650 | 0 | 7 | |0 (DE-588)4113748-6 |0 (DE-627)105827134 |0 (DE-576)209479019 |a Gewalt |g Motiv |2 gnd |
| 650 | 0 | 7 | |0 (DE-588)4162874-3 |0 (DE-627)105458988 |0 (DE-576)209876808 |a Jugendtheater |2 gnd |
| 650 | 0 | 7 | |0 (DE-588)4049422-6 |0 (DE-627)106187074 |0 (DE-576)209081996 |a Religionsunterricht |2 gnd |
| 652 | |a CD:NCC:RF | ||
| 655 | 7 | |a Rezension |0 (DE-588)4049712-4 |0 (DE-627)106186019 |0 (DE-576)209083166 |2 gnd-content | |
| 700 | 1 | |0 (DE-588)1082579971 |0 (DE-627)847681866 |0 (DE-576)404317294 |4 aut |a Zangger, Michael |d 1961- | |
| 773 | 0 | 8 | |i In |t RL |d Zürich : Theolog. Verl., 1972 |g 33(2004), 4, Seite 23-26 |w (DE-627)129891908 |w (DE-600)303421-5 |w (DE-576)015206076 |x 1660-0622 |7 nnas |
| 773 | 1 | 8 | |g volume:33 |g year:2004 |g number:4 |g pages:23-26 |
| 787 | 0 | 8 | |i Rezension von |a Philip Ridleys Sparkleshark / Claudia Tatsch |
| 935 | |a mteo | ||
| 951 | |a AR | ||
| ELC | |b 1 | ||
| ITA | |a 1 |t 1 | ||
| LOK | |0 000 xxxxxcx a22 zn 4500 | ||
| LOK | |0 001 3296309780 | ||
| LOK | |0 003 DE-627 | ||
| LOK | |0 004 1637692331 | ||
| LOK | |0 005 20160405145922 | ||
| LOK | |0 008 160404||||||||||||||||ger||||||| | ||
| LOK | |0 040 |a DE-Tue135 |c DE-627 |d DE-Tue135 | ||
| LOK | |0 092 |o n | ||
| LOK | |0 852 |a DE-Tue135 | ||
| LOK | |0 852 1 |9 00 | ||
| LOK | |0 935 |a ixzs |a ixmi | ||
| LOK | |0 936ln |0 144205283X |a NCC | ||
| LOK | |0 936ln |0 1442043857 |a CD | ||
| LOK | |0 936ln |0 1442053151 |a RF | ||
| LOK | |0 939 |a 04-04-16 |b l01 | ||
| ORI | |a SA-MARC-ixtheoa001.raw | ||
| STA | 0 | 0 | |a Religious instruction,Religious didactics,Religion teaching,Religion,Youth theater,Juvenile theater,Theater,Juvenile drama,Drama in education |
| STB | 0 | 0 | |a Enseignement de la religion,Théâtre pour la jeunesse,Théâtre pour la jeunesse,Théâtre en éducation |
| STC | 0 | 0 | |a Enseñanza religiosa,Teatro juvenil |
| STD | 0 | 0 | |a Insegnamento della religione,Lezione di religione,Religione (materia),Lezione di religione,Religione,Teatro per i giovani,Teatro per i ragazzi,Teatro per i ragazzi |
| STE | 0 | 0 | |a 宗教课程,宗教课,宗教教学,青年剧院,青年演出 |
| STF | 0 | 0 | |a 宗教課程,宗教課,宗教教學,青年劇院,青年演出 |
| STG | 0 | 0 | |a Ensino religioso,Teatro juvenil |
| STH | 0 | 0 | |a Молодёжный театр,Преподавание религии |
| STI | 0 | 0 | |a Θρησκευτικά (μάθημα),Νεανικό θέατρο |
| SYE | 0 | 0 | |a Jugenddrama,Jugendschauspiel , Glaubensunterweisung,Religionsdidaktik,Religionslehre |